<?xml version="1.0" encoding="UTF-8"?>
<collection xmlns="http://www.loc.gov/MARC21/slim">
 <record>
  <leader>01365nam a22002895a 4500</leader>
  <controlfield tag="001">EUN.eunm007529</controlfield>
  <controlfield tag="005">20180917095250.0</controlfield>
  <controlfield tag="008">041125s1949####sp#a#####b####001#0#spa#d</controlfield>
  <datafield tag="082" ind1="0" ind2="4">
   <subfield code="a">512.83</subfield>
   <subfield code="2">15</subfield>
  </datafield>
  <datafield tag="100" ind1="1" ind2=" ">
   <subfield code="a">Aitken, A. C.</subfield>
   <subfield code="q">(Alexander Craig),</subfield>
   <subfield code="d">1895-1967.</subfield>
  </datafield>
  <datafield tag="245" ind1="1" ind2="0">
   <subfield code="a">Determinantes y matrices /</subfield>
   <subfield code="c">por A. C. Aitken ; versión castellana de la 4a. edición inglesa al cuidado de Tomás Rodríguez Bachiller.</subfield>
  </datafield>
  <datafield tag="260" ind1=" " ind2=" ">
   <subfield code="a">Madrid :</subfield>
   <subfield code="b">Dossat,</subfield>
   <subfield code="c">[1949?]</subfield>
  </datafield>
  <datafield tag="300" ind1=" " ind2=" ">
   <subfield code="a">xi, 151 p. :</subfield>
   <subfield code="b">il. ;</subfield>
   <subfield code="c">21 cm.</subfield>
  </datafield>
  <datafield tag="490" ind1="0" ind2=" ">
   <subfield code="a">Colección Textos universitarios ingleses de matemáticas ;</subfield>
   <subfield code="v">1</subfield>
  </datafield>
  <datafield tag="500" ind1=" " ind2=" ">
   <subfield code="a">Incluye índice.</subfield>
  </datafield>
  <datafield tag="650" ind1=" " ind2="7">
   <subfield code="a">Matemáticas.</subfield>
   <subfield code="2">unbist</subfield>
  </datafield>
  <datafield tag="650" ind1=" " ind2="7">
   <subfield code="a">Álgebra.</subfield>
   <subfield code="2">unbist</subfield>
  </datafield>
  <datafield tag="650" ind1=" " ind2="7">
   <subfield code="a">Determinantes.</subfield>
   <subfield code="2">abne</subfield>
  </datafield>
  <datafield tag="650" ind1=" " ind2="7">
   <subfield code="a">Matrices.</subfield>
   <subfield code="2">unbist</subfield>
  </datafield>
  <datafield tag="859" ind1=" " ind2=" ">
   <subfield code="a">AR-BaUNS</subfield>
   <subfield code="b">BIB. CENTRAL - Sector B</subfield>
   <subfield code="h">512.83</subfield>
   <subfield code="i">Ai93-1</subfield>
   <subfield code="p">722/949</subfield>
  </datafield>
  <datafield tag="859" ind1=" " ind2=" ">
   <subfield code="a">AR-BaUNS</subfield>
   <subfield code="b">BIB. CENTRAL - Sector B</subfield>
   <subfield code="h">512.83</subfield>
   <subfield code="i">Ai93-1</subfield>
   <subfield code="p">721/949</subfield>
   <subfield code="t">Ej.2</subfield>
  </datafield>
  <datafield tag="859" ind1=" " ind2=" ">
   <subfield code="a">AR-BaUNS</subfield>
   <subfield code="b">BIB. CENTRAL - Sector B</subfield>
   <subfield code="h">512.83</subfield>
   <subfield code="i">Ai93-1</subfield>
   <subfield code="p">62/961</subfield>
   <subfield code="t">Ej.3</subfield>
  </datafield>
  <datafield tag="859" ind1=" " ind2=" ">
   <subfield code="a">AR-BaUNS</subfield>
   <subfield code="b">BIB. CENTRAL - Sector B</subfield>
   <subfield code="h">512.83</subfield>
   <subfield code="i">Ai93-1</subfield>
   <subfield code="p">3053/964</subfield>
   <subfield code="t">Ej.4</subfield>
  </datafield>
  <datafield tag="859" ind1=" " ind2=" ">
   <subfield code="a">AR-BaUNS</subfield>
   <subfield code="b">BIB. CENTRAL - Sector B</subfield>
   <subfield code="h">512.83</subfield>
   <subfield code="i">Ai93-1</subfield>
   <subfield code="p">3052/964</subfield>
   <subfield code="t">Ej.5</subfield>
  </datafield>
  <datafield tag="859" ind1=" " ind2=" ">
   <subfield code="a">AR-BaUNS</subfield>
   <subfield code="b">BIB. CENTRAL - Sector B</subfield>
   <subfield code="h">512.83</subfield>
   <subfield code="i">Ai93-1</subfield>
   <subfield code="p">3051/964</subfield>
   <subfield code="t">Ej.6</subfield>
  </datafield>
  <datafield tag="859" ind1=" " ind2=" ">
   <subfield code="a">AR-BaUNS</subfield>
   <subfield code="b">BIB. CENTRAL - Sector B</subfield>
   <subfield code="h">512.83</subfield>
   <subfield code="i">Ai93-1</subfield>
   <subfield code="p">3050/964</subfield>
   <subfield code="t">Ej.7</subfield>
  </datafield>
  <datafield tag="859" ind1=" " ind2=" ">
   <subfield code="a">AR-BaUNS</subfield>
   <subfield code="b">BIB. CENTRAL - Sector B</subfield>
   <subfield code="h">512.83</subfield>
   <subfield code="i">Ai93-1</subfield>
   <subfield code="p">3054/964</subfield>
   <subfield code="t">Ej.8</subfield>
  </datafield>
 </record>
</collection>
